Statistics for Top 10 Football/Soccer Players In the World

Click here to take the quiz!

General Stats

  • This quiz has been taken 122 times
  • The average score is 9 of 10

Answer Stats

CountryAnswer% Correct
ArgentinaLionel Andrés Messi
100%
BrazilNeymar da Silva
100%
PortugalCristiano Ronaldo
99%
FranceKylian Mbappé
99%
NorwayErling Braut Haaland
96%
PolandRobert Lewandowski
94%
BelgiumKevin De Bruyne
93%
SenegalSadio Mané
89%
NetherlandsVirgil van Dijk
84%
AlgeriaRiyad Mahrez
76%

Score Distribution

Percentile by Number Answered

Percent of People with Each Score

Your Score History

You have not taken this quiz